000285452 001__ 285452
000285452 005__ 20240928180416.0
000285452 0247_ $$aG:(GEPRIS)243115955$$d243115955
000285452 035__ $$aG:(GEPRIS)243115955
000285452 040__ $$aGEPRIS$$chttp://gepris.its.kfa-juelich.de
000285452 150__ $$aSTAT6-regulierte B-Zellantworten bei Typ 2 Immunreaktionen (20)$$y2013 - 2022
000285452 371__ $$aProfessor Dr. David Vöhringer
000285452 450__ $$aDFG project G:(GEPRIS)243115955$$wd$$y2013 - 2022
000285452 5101_ $$0I:(DE-588b)2007744-0$$aDeutsche Forschungsgemeinschaft$$bDFG
000285452 550__ $$0G:(GEPRIS)215346292$$aTRR 130: B-Zellen: Immunität und Autoimmunität$$wt
000285452 680__ $$aDer Transkriptionsfaktor STAT6 induziert den Immunglobulin-Klassenwechsel zu IgE. Projekt 20 konnte zeigen, dass STAT6 in B-Zellen auch für die Keimzentrumsreaktion bei Typ 2 Immunreaktionen wichtig ist und identifizierte zahlreiche STAT6-regulierte Gene. Außerdem konnte das Projekt zeigen, dass das „immunotyrosine tail motif“ des IgE-BCR für die Zunahme von IgE+ Plasmazellen wichtig ist. In der nächsten Förderperiode wird das Projekt einzelne STAT6-regulierte Gene im Kontext einer Keimzentrumsreaktion charakterisieren, neue B-Zellantigene von Helminthen identifizieren und die Entwicklung von Gedächtniszellen und langlebigen Plasmazellen durch Markierung von Keimzentrums-B-Zellen untersuchen.
000285452 909CO $$ooai:juser.fz-juelich.de:952195$$pauthority$$pauthority:GRANT
000285452 909CO $$ooai:juser.fz-juelich.de:952195
000285452 980__ $$aG
000285452 980__ $$aAUTHORITY